[Event "2020 Australian Chess Championship"]
[Site "Sydney, Australia"]
[Date "2020.01.13"]
[Round "11.5"]
[White "McClymont, Brodie"]
[Black "Hu, Jason"]
[Result "0-1"]
[WhiteElo "2421"]
[BlackElo "2159"]

1. e4 {[%clk 01:30:57]} {[%emt 00:00:02]} c6 {[%clk 01:30:48]} {[%emt
00:00:12]} 2. d4 {[%clk 01:31:24]} {[%emt 00:00:04]} d5 {[%clk 01:31:11]}
{[%emt 00:00:06]} 3. e5 {[%clk 01:31:51]} {[%emt 00:00:03]} Bf5 {[%clk
01:31:25]} {[%emt 00:00:16]} 4. Nf3 {[%clk 01:32:16]} {[%emt 00:00:05]} e6
{[%clk 01:31:49]} {[%emt 00:00:05]} 5. Be2 {[%clk 01:32:43]} {[%emt 00:00:03]}
c5 {[%clk 01:27:25]} {[%emt 00:04:54]} 6. Be3 {[%clk 01:33:10]} {[%emt
00:00:04]} Qb6 {[%clk 01:27:41]} {[%emt 00:00:13]} 7. Nc3 {[%clk 01:33:30]}
{[%emt 00:00:12]} Nc6 {[%clk 01:27:54]} {[%emt 00:00:16]} 8. O-O {[%clk
01:33:47]} {[%emt 00:00:13]} c4 {[%clk 01:26:37]} {[%emt 00:01:46]} 9. Rb1
{[%clk 01:33:28]} {[%emt 00:00:50]} Qa5 {[%clk 01:20:25]} {[%emt 00:06:42]} 10.
Nh4 {[%clk 01:33:22]} {[%emt 00:00:37]} Bg6 {[%clk 01:17:33]} {[%emt 00:03:21]}
11. f4 {[%clk 01:33:48]} {[%emt 00:00:04]} Be7 {[%clk 01:15:53]} {[%emt
00:02:10]} 12. Nxg6 {[%clk 01:31:40]} {[%emt 00:02:38]} hxg6 {[%clk 01:14:31]}
{[%emt 00:01:52]} 13. a3 {[%clk 01:32:05]} {[%emt 00:00:05]} b5 {[%clk
01:11:50]} {[%emt 00:03:11]} 14. b4 {[%clk 01:30:37]} {[%emt 00:01:58]} Qxa3
{[%clk 01:09:23]} {[%emt 00:02:57]} 15. Rf3 {[%clk 01:27:03]} {[%emt 00:04:04]}
Qa6 {[%clk 01:05:20]} {[%emt 00:04:33]} 16. g4 {[%clk 01:24:24]} {[%emt
00:03:10]} Bxb4 {[%clk 01:00:53]} {[%emt 00:04:56]} 17. Nxb5 {[%clk 01:24:49]}
{[%emt 00:00:05]} Qxb5 {[%clk 01:01:15]} {[%emt 00:00:08]} 18. c3 {[%clk
01:25:16]} {[%emt 00:00:03]} a5 {[%clk 01:00:21]} {[%emt 00:01:24]} 19. f5
{[%clk 01:25:38]} {[%emt 00:00:09]} gxf5 {[%clk 00:59:22]} {[%emt 00:01:28]} 20.
gxf5 {[%clk 01:26:05]} {[%emt 00:00:04]} Nge7 {[%clk 00:58:41]} {[%emt
00:01:10]} 21. fxe6 {[%clk 01:26:00]} {[%emt 00:00:35]} fxe6 {[%clk 00:59:04]}
{[%emt 00:00:07]} 22. Qc2 {[%clk 01:23:57]} {[%emt 00:02:33]} Qa6 {[%clk
00:55:46]} {[%emt 00:03:47]} 23. Bf1 {[%clk 01:22:47]} {[%emt 00:01:40]} Nf5
{[%clk 00:55:02]} {[%emt 00:01:14]} 24. cxb4 {[%clk 01:23:13]} {[%emt
00:00:05]} axb4 {[%clk 00:54:52]} {[%emt 00:00:39]} 25. Bh3 {[%clk 01:23:13]}
{[%emt 00:00:30]} b3 {[%clk 00:51:07]} {[%emt 00:04:15]} 26. Qf2 {[%clk
01:20:42]} {[%emt 00:03:02]} Nce7 {[%clk 00:46:45]} {[%emt 00:04:52]} 27. Bg5
{[%clk 01:19:56]} {[%emt 00:01:16]} Qa2 {[%clk 00:46:26]} {[%emt 00:00:48]} 28.
Rb2 {[%clk 01:20:04]} {[%emt 00:00:23]} Qa1+ {[%clk 00:46:43]} {[%emt
00:00:13]} 29. Bf1 {[%clk 01:20:30]} {[%emt 00:00:04]} Qd1 {[%clk 00:40:56]}
{[%emt 00:06:17]} 30. Rd2 {[%clk 01:20:38]} {[%emt 00:00:22]} Qb1 {[%clk
00:40:52]} {[%emt 00:00:33]} 31. Rb2 {[%clk 01:20:01]} {[%emt 00:01:08]} Qa1
{[%clk 00:33:39]} {[%emt 00:07:43]} 32. Bxe7 {[%clk 01:14:46]} {[%emt
00:05:45]} Kxe7 {[%clk 00:32:50]} {[%emt 00:01:19]} 33. Qd2 {[%clk 01:14:58]}
{[%emt 00:00:18]} Kf7 {[%clk 00:28:46]} {[%emt 00:04:33]} 34. Rf2 {[%clk
01:14:17]} {[%emt 00:01:12]} Rh6 {[%clk 00:26:20]} {[%emt 00:02:56]} 35. Qb4
{[%clk 01:11:49]} {[%emt 00:02:57]} Kg8 {[%clk 00:23:58]} {[%emt 00:02:52]} 36.
Qd2 {[%clk 00:58:40]} {[%emt 00:13:39]} Qa5 {[%clk 00:21:31]} {[%emt 00:02:57]}
37. Qg5 {[%clk 00:58:29]} {[%emt 00:00:42]} Qd8 {[%clk 00:21:07]} {[%emt
00:00:53]} 38. Rxf5 {[%clk 00:58:06]} {[%emt 00:00:54]} exf5 {[%clk 00:21:25]}
{[%emt 00:00:12]} 39. Qxf5 {[%clk 00:58:32]} {[%emt 00:00:04]} Ra2 {[%clk
00:20:12]} {[%emt 00:01:43]} 40. Rg2 {[%clk 00:56:57]} {[%emt 00:02:05]} Rxg2+
{[%clk 00:10:56]} {[%emt 00:09:47]} 41. Bxg2 {[%clk 00:57:22]} {[%emt
00:00:05]} c3 {[%emt 00:05:34]} 42. e6 {[%clk 00:57:25]} {[%emt 00:00:03]} c2
{[%clk 00:01:03]} {[%emt 00:05:43]} 43. Qf7+ {[%clk 00:57:53]} {[%emt
00:00:02]} Kh8 {[%clk 00:00:47]} {[%emt 00:00:47]} 44. Qxg7+ {[%emt 00:00:30]}
0-1

[Event "2020 Australian Chess Championship"]
[Site "Sydney, Australia"]
[Date "2020.01.13"]
[Round "11.6"]
[White "Wallis, Christopher"]
[Black "Huynh, Arthur"]
[Result "1-0"]
[WhiteElo "2322"]
[BlackElo "2136"]

1. d4 {[%clk 01:30:57]} {[%emt 00:00:02]} Nf6 {[%clk 01:30:53]} {[%emt
00:00:08]} 2. c4 {[%clk 01:31:19]} {[%emt 00:00:07]} e6 {[%clk 01:31:11]}
{[%emt 00:00:12]} 3. g3 {[%clk 01:31:37]} {[%emt 00:00:12]} d5 {[%clk
01:31:13]} {[%emt 00:00:29]} 4. Nf3 {[%clk 01:31:58]} {[%emt 00:00:08]} Be7
{[%clk 01:31:08]} {[%emt 00:00:34]} 5. Bg2 {[%clk 01:32:20]} {[%emt 00:00:09]}
O-O {[%clk 01:31:03]} {[%emt 00:00:35]} 6. O-O {[%clk 01:32:43]} {[%emt
00:00:06]} Nbd7 {[%clk 01:30:47]} {[%emt 00:00:47]} 7. Qc2 {[%clk 01:32:20]}
{[%emt 00:00:53]} c6 {[%clk 01:28:29]} {[%emt 00:02:47]} 8. Nbd2 {[%clk
01:32:35]} {[%emt 00:00:14]} Re8 {[%emt 00:02:06]} 9. e4 dxe4 {[%clk 01:26:16]}
10. Nxe4 {[%clk 01:30:33]} {[%emt 00:00:12]} Nxe4 {[%clk 01:25:25]} {[%emt
00:01:21]} 11. Qxe4 {[%clk 01:30:54]} {[%emt 00:00:09]} Nf6 {[%clk 01:25:18]}
{[%emt 00:00:38]} 12. Qc2 {[%clk 01:27:11]} {[%emt 00:04:13]} Bd7 {[%clk
01:20:47]} {[%emt 00:05:01]} 13. Bd2 {[%clk 01:19:17]} {[%emt 00:08:23]} Qc7
{[%clk 01:17:36]} {[%emt 00:03:42]} 14. Rad1 {[%clk 01:14:13]} {[%emt
00:05:34]} Rad8 {[%clk 01:15:53]} {[%emt 00:02:13]} 15. Bf4 {[%clk 01:10:27]}
{[%emt 00:04:14]} Bd6 {[%clk 01:15:08]} {[%emt 00:01:17]} 16. Bxd6 {[%clk
01:08:09]} {[%emt 00:02:48]} Qxd6 {[%clk 01:15:33]} {[%emt 00:00:05]} 17. Rfe1
{[%clk 01:05:16]} {[%emt 00:03:22]} Bc8 {[%clk 01:13:21]} {[%emt 00:02:43]} 18.
Qc3 {[%clk 01:03:54]} {[%emt 00:01:52]} b6 {[%clk 01:10:19]} {[%emt 00:03:33]}
19. Ne5 {[%clk 00:56:02]} {[%emt 00:08:22]} Bb7 {[%clk 01:10:07]} {[%emt
00:00:42]} 20. c5 {[%clk 00:53:06]} {[%emt 00:03:25]} bxc5 {[%clk 01:07:07]}
{[%emt 00:03:31]} 21. Qxc5 {[%clk 00:51:19]} {[%emt 00:02:16]} Qxc5 {[%clk
01:04:04]} {[%emt 00:03:34]} 22. dxc5 {[%clk 00:51:40]} {[%emt 00:00:08]} Rxd1
{[%clk 01:04:17]} {[%emt 00:00:18]} 23. Rxd1 {[%clk 00:52:02]} {[%emt
00:00:07]} Nd5 {[%clk 01:04:31]} {[%emt 00:00:16]} 24. Rd3 {[%clk 00:47:59]}
{[%emt 00:04:33]} f6 {[%clk 01:03:46]} {[%emt 00:01:15]} 25. Rb3 {[%clk
00:43:37]} {[%emt 00:04:51]} Re7 {[%clk 01:03:03]} {[%emt 00:01:14]} 26. Nc4
{[%clk 00:43:07]} {[%emt 00:01:00]} Ba6 {[%clk 01:00:50]} {[%emt 00:02:43]} 27.
Nd6 {[%clk 00:38:53]} {[%emt 00:04:44]} g6 {[%clk 01:00:14]} {[%emt 00:01:07]}
28. Bf3 {[%clk 00:34:59]} {[%emt 00:04:23]} Kg7 {[%clk 00:57:43]} {[%emt
00:03:01]} 29. Ra3 {[%clk 00:34:29]} {[%emt 00:01:01]} Nc7 {[%clk 00:54:37]}
{[%emt 00:03:36]} 30. Bxc6 {[%clk 00:34:35]} {[%emt 00:00:24]} e5 {[%clk
00:54:44]} {[%emt 00:00:24]} 31. b4 {[%clk 00:33:45]} {[%emt 00:01:19]} 1-0

[Event "2020 Australian Chess Championship"]
[Site "Sydney, Australia"]
[Date "2020.01.13"]
[Round "11.7"]
[White "Solomon, Stephen J"]
[Black "Bayaca, Sterling"]
[Result "1/2-1/2"]
[WhiteElo "2319"]
[BlackElo "1994"]

1. e4 {[%clk 01:30:56]} {[%emt 00:00:03]} e5 {[%clk 01:24:15]} {[%emt
00:06:45]} 2. Nf3 {[%clk 01:31:13]} {[%emt 00:00:13]} Nc6 {[%clk 01:24:40]}
{[%emt 00:00:05]} 3. Bb5 {[%clk 01:31:30]} {[%emt 00:00:14]} a6 {[%clk
01:25:03]} {[%emt 00:00:07]} 4. Ba4 {[%clk 01:31:53]} {[%emt 00:00:08]} Nf6
{[%clk 01:25:29]} {[%emt 00:00:02]} 5. O-O {[%clk 01:32:09]} {[%emt 00:00:15]}
Be7 {[%clk 01:25:53]} {[%emt 00:00:04]} 6. Re1 {[%clk 01:32:24]} {[%emt
00:00:16]} b5 {[%clk 01:26:12]} {[%emt 00:00:10]} 7. Bb3 {[%clk 01:32:47]}
{[%emt 00:00:07]} O-O {[%clk 01:26:32]} {[%emt 00:00:10]} 8. c3 {[%clk
01:31:39]} {[%emt 00:01:39]} d6 {[%clk 01:25:03]} {[%emt 00:01:58]} 9. h3
{[%clk 01:31:51]} {[%emt 00:00:18]} Nb8 {[%clk 01:25:23]} {[%emt 00:00:10]} 10.
d4 {[%clk 01:32:03]} {[%emt 00:00:19]} Nbd7 {[%clk 01:25:44]} {[%emt 00:00:09]}
11. Nbd2 {[%clk 01:32:22]} {[%emt 00:00:11]} c5 {[%clk 01:25:33]} {[%emt
00:00:40]} 12. Nf1 {[%clk 01:29:43]} {[%emt 00:03:09]} Bb7 {[%clk 01:24:39]}
{[%emt 00:01:24]} 13. Ng3 {[%clk 01:29:04]} {[%emt 00:01:09]} g6 {[%clk
01:22:44]} {[%emt 00:02:26]} 14. Bh6 {[%clk 01:15:43]} {[%emt 01:21:43]} Re8
{[%clk 01:21:50]} 15. Qd2 {[%clk 01:13:42]} Bf8 {[%clk 01:18:01]} 16. a4 {[%clk
00:57:03]} Qc7 {[%clk 01:09:53]} 17. d5 {[%clk 00:50:48]} c4 {[%clk 01:09:28]}
18. Bc2 {[%clk 00:51:10]} Nc5 {[%clk 01:08:36]} 19. Nf5 {[%clk 00:48:12]} Kh8
{[%clk 01:03:58]} 20. Bxf8 Rxf8 {[%clk 01:03:54]} 21. Qh6 {[%clk 00:41:30]} Nh5
{[%clk 00:59:38]} 22. axb5 {[%clk 00:36:10]} {[%emt 00:02:48]} f6 {[%clk
00:46:43]} {[%emt 00:13:24]} 23. b6 {[%clk 00:24:04]} {[%emt 00:12:37]} Qd7
{[%clk 00:39:14]} {[%emt 00:07:59]} 24. Ne3 {[%clk 00:22:57]} {[%emt 00:01:37]}
Qb5 {[%clk 00:37:59]} {[%emt 00:01:45]} 25. Nd2 {[%clk 00:21:39]} {[%emt
00:01:48]} Qxb6 {[%clk 00:36:04]} {[%emt 00:02:25]} 26. Ndxc4 {[%clk 00:21:40]}
{[%emt 00:00:29]} Qc7 {[%clk 00:35:51]} {[%emt 00:00:42]} 27. b4 {[%clk
00:19:07]} {[%emt 00:03:04]} Nd7 {[%clk 00:36:17]} {[%emt 00:00:04]} 28. Na5
{[%clk 00:18:12]} {[%emt 00:01:25]} Ng7 {[%clk 00:36:02]} {[%emt 00:00:43]} 29.
Nxb7 {[%clk 00:16:26]} {[%emt 00:02:17]} Qxb7 {[%clk 00:36:30]} {[%emt
00:00:03]} 30. Ba4 {[%clk 00:16:43]} {[%emt 00:00:13]} Rac8 {[%clk 00:35:41]}
{[%emt 00:01:17]} 31. Bc6 {[%clk 00:16:17]} {[%emt 00:00:56]} Qc7 {[%clk
00:36:01]} {[%emt 00:00:10]} 32. c4 {[%clk 00:13:34]} {[%emt 00:03:13]} f5
{[%clk 00:35:34]} {[%emt 00:00:57]} 33. exf5 {[%clk 00:12:51]} {[%emt
00:01:14]} gxf5 {[%clk 00:34:22]} {[%emt 00:01:42]} 34. f4 {[%clk 00:11:27]}
{[%emt 00:01:54]} exf4 {[%clk 00:33:54]} {[%emt 00:00:57]} 35. Qxf4 {[%clk
00:04:38]} {[%emt 00:07:20]} Ne5 {[%clk 00:34:13]} {[%emt 00:00:10]} 36. Red1
{[%clk 00:01:39]} {[%emt 00:03:29]} Nh5 {[%clk 00:32:38]} {[%emt 00:02:05]} 37.
Qh4 {[%clk 00:01:04]} {[%emt 00:01:04]} f4 {[%clk 00:32:23]} {[%emt 00:00:45]}
38. Qxh5 {[%clk 00:00:55]} {[%emt 00:00:41]} fxe3 {[%clk 00:32:49]} {[%emt
00:00:04]} 39. Qe2 {[%clk 00:01:00]} {[%emt 00:00:25]} Qg7 {[%clk 00:30:40]}
{[%emt 00:02:39]} 40. Rf1 {[%clk 00:00:39]} {[%emt 00:01:17]} Rf2 {[%clk
00:30:47]} {[%emt 00:00:26]} 41. Rxf2 {[%clk 00:00:48]} {[%emt 00:00:27]} exf2+
{[%clk 00:31:01]} 42. Qxf2 {[%clk 00:24:49]} {[%emt 00:06:10]} Nxc6 {[%clk
01:01:14]} {[%emt 00:00:17]} 43. Rxa6 {[%clk 00:24:50]} {[%emt 00:00:29]} Nxb4
{[%clk 01:01:16]} {[%emt 00:00:27]} 44. Ra7 {[%clk 00:24:37]} {[%emt 00:00:45]}
Qe5 {[%clk 00:58:24]} {[%emt 00:03:21]} 45. Qf7 {[%clk 00:16:33]} {[%emt
00:08:34]} Qe1+ {[%clk 00:58:38]} {[%emt 00:00:15]} 46. Kh2 {[%clk 00:16:59]}
{[%emt 00:00:04]} Qe5+ {[%clk 00:59:01]} {[%emt 00:00:07]} 1/2-1/2

[Event "2020 Australian Chess Championship"]
[Site "Sydney, Australia"]
[Date "2020.01.13"]
[Round "11.8"]
[White "Lo, Willis"]
[Black "Plant, John Stuart"]
[Result "1-0"]
[WhiteElo "2108"]
[BlackElo "1993"]

1. c4 {[%clk 01:30:56]} {[%emt 00:00:02]} d6 {[%clk 01:30:50]} {[%emt
00:00:12]} 2. Nc3 {[%clk 01:28:07]} {[%emt 00:03:18]} e5 {[%clk 01:31:00]}
{[%emt 00:00:21]} 3. g3 {[%clk 01:27:27]} {[%emt 00:01:09]} c6 {[%clk
01:30:51]} {[%emt 00:00:38]} 4. Bg2 {[%clk 01:27:40]} {[%emt 00:00:17]} Nf6
{[%clk 01:30:48]} {[%emt 00:00:33]} 5. e4 {[%clk 01:27:40]} {[%emt 00:00:31]}
Be7 {[%clk 01:29:27]} {[%emt 00:01:50]} 6. Nge2 {[%clk 01:27:49]} {[%emt
00:00:21]} O-O {[%clk 01:29:30]} {[%emt 00:00:28]} 7. d3 {[%clk 01:24:58]}
{[%emt 00:03:21]} Be6 {[%clk 01:26:50]} {[%emt 00:03:09]} 8. O-O {[%clk
01:23:18]} {[%emt 00:02:10]} d5 {[%clk 01:26:00]} {[%emt 00:01:20]} 9. cxd5
{[%clk 01:21:40]} {[%emt 00:02:09]} cxd5 {[%clk 01:26:23]} {[%emt 00:00:06]} 10.
d4 {[%clk 01:21:42]} {[%emt 00:00:28]} exd4 {[%clk 01:14:46]} {[%emt 00:12:08]}
11. Nxd4 {[%clk 01:20:58]} {[%emt 00:01:14]} Bg4 {[%clk 01:14:22]} {[%emt
00:00:54]} 12. Qb3 {[%clk 01:18:16]} {[%emt 00:03:12]} dxe4 {[%clk 00:59:21]}
{[%emt 00:15:31]} 13. Qxb7 {[%clk 01:17:45]} {[%emt 00:01:01]} Qxd4 {[%clk
00:46:05]} {[%emt 00:13:46]} 14. Qxa8 {[%clk 01:14:21]} {[%emt 00:03:55]} Nbd7
{[%clk 00:42:42]} {[%emt 00:03:52]} 15. Be3 {[%clk 01:14:18]} {[%emt 00:00:33]}
Qb4 {[%clk 00:42:01]} {[%emt 00:01:11]} 16. Qxa7 {[%clk 01:14:07]} {[%emt
00:00:42]} Ne5 {[%clk 00:35:25]} {[%emt 00:07:06]} 17. Qd4 {[%clk 01:07:11]}
{[%emt 00:07:26]} Qa5 {[%clk 00:35:07]} {[%emt 00:00:48]} 18. Nxe4 {[%clk
01:01:34]} {[%emt 00:06:07]} Nf3+ {[%clk 00:34:55]} {[%emt 00:00:42]} 19. Bxf3
{[%clk 01:01:57]} {[%emt 00:00:06]} Bxf3 {[%clk 00:35:17]} {[%emt 00:00:08]} 20.
Nd2 {[%clk 01:00:54]} {[%emt 00:01:33]} Ba8 {[%clk 00:32:49]} {[%emt 00:02:56]}
21. f3 {[%clk 00:38:50]} {[%emt 00:22:36]} Rd8 {[%clk 00:29:34]} {[%emt
00:03:44]} 22. Nc4 {[%clk 00:37:02]} {[%emt 00:02:18]} Qb5 {[%clk 00:25:56]}
{[%emt 00:04:07]} 23. a4 {[%clk 00:35:17]} {[%emt 00:02:17]} Qf5 {[%clk
00:23:02]} {[%emt 00:03:23]} 24. Qe5 {[%clk 00:30:15]} {[%emt 00:05:33]} Qh3
{[%clk 00:18:29]} {[%emt 00:05:02]} 25. Qxe7 {[%clk 00:29:30]} {[%emt
00:01:15]} Re8 {[%clk 00:18:58]} {[%emt 00:00:01]} 26. Qb4 {[%clk 00:29:47]}
{[%emt 00:00:13]} Bd5 {[%clk 00:14:31]} {[%emt 00:04:56]} 27. Nd6 {[%clk
00:27:04]} {[%emt 00:03:14]} Rd8 {[%clk 00:11:49]} {[%emt 00:03:12]} 28. Rad1
{[%clk 00:20:19]} {[%emt 00:07:15]} h5 {[%clk 00:11:33]} {[%emt 00:00:46]} 29.
Ne4 {[%clk 00:14:55]} {[%emt 00:05:54]} Ng4 {[%clk 00:07:09]} {[%emt 00:04:53]}
30. fxg4 {[%clk 00:14:55]} {[%emt 00:00:32]} Qxg4 {[%clk 00:06:51]} {[%emt
00:00:51]} 31. Nf6+ {[%clk 00:15:09]} {[%emt 00:00:53]} 1-0

[Event "2020 Australian Chess Championship"]
[Site "Sydney, Australia"]
[Date "2020.01.13"]
[Round "11.9"]
[White "Parle, Hughston"]
[Black "Nakauchi, Gene"]
[Result "1-0"]
[WhiteElo "2057"]
[BlackElo "2150"]

1. d4 Nf6 2. c4 e6 3. Nf3 b6 4. g3 Bb7 5. Bg2 Be7 6. Nc3 Ne4 7. Qc2 f5 8. Ne5
Bb4 9. f3 Nd6 10. Nd3 Nc6 11. Nxb4 Nxb4 12. Qa4 a5 13. a3 Nc6 14. c5 bxc5 15.
dxc5 Nf7 16. O-O Qe7 17. Be3 O-O 18. f4 Rfc8 19. Bf2 d5 20. cxd6 cxd6 21. e4
fxe4 22. Nxe4 e5 23. f5 Nb8 24. f6 Qd7 25. Qd1 g6 26. Be3 Ra6 27. Qb3 a4 28.
Qd3 Ra5 29. Rfc1 Rd5 30. Qf1 Ba6 31. Rxc8+ Qxc8 32. Rc1 Qf5 33. Qxf5 gxf5 34.
Nc3 Rd3 35. Ba7 Nd7 36. Bf1 Nxf6 37. Bxd3 Bxd3 38. Nxa4 Ng5 39. h4 Nf3+ 40. Kf2
Be4 41. Rc8+ Kf7 42. Nc3 d5 43. Nxe4 fxe4 44. Rc7+ Ke6 45. Rc6+ Kf5 46. Rxf6+
Kxf6 47. a4 Ke6 48. a5 d4 49. a6 d3 50. Be3 Nh2 51. a7 Ng4+ 52. Ke1 Nxe3 53.
a8=Q Nd5 54. Qc6+ 1-0

[Event "2020 Australian Chess Championship"]
[Site "Sydney, Australia"]
[Date "2020.01.13"]
[Round "11.10"]
[White "Ng, Clive"]
[Black "Kargosha, Bahman"]
[Result "1/2-1/2"]
[WhiteElo "2061"]
[BlackElo "2101"]

1. e4 e5 2. Nf3 Nc6 3. d4 exd4 4. Nxd4 Nf6 5. Nxc6 bxc6 6. e5 Qe7 7. Qe2 Nd5 8.
c4 Ba6 9. Nd2 O-O-O 10. Qe4 Nb6 11. b3 f6 12. f4 Bb7 13. Bb2 c5 14. Qf5 Kb8 15.
O-O-O fxe5 16. Qxe5 d6 17. Qxe7 Bxe7 18. Bd3 Rhf8 19. Rhe1 Bf6 20. Bxf6 Rxf6 21.
g3 h6 22. h4 Bc6 23. Re7 Rd7 24. Rde1 Nc8 25. Re8 Rff7 26. g4 Rde7 27. R8xe7
Rxe7 28. Rxe7 Nxe7 29. Kd1 Bd7 30. g5 Kc8 31. Ke2 Bg4+ 1/2-1/2